000 00654nam a22002297a 4500
001 32373
003 UA-OsUOA
005 20220527140001.0
007 ta
008 20050201b un ||||| |||| 00| 0 ukr d
040 _aUA-OsUOA
_brus
_cUA-OsUOA
_dUA-OsUOA
041 _arus
044 _aRU
080 _a821.521
090 _a821.521
_bК47
245 _aКлассическая проза Дальнего Востока
_cвступ. статья Б. Рифтин
260 _aМосква
_bХудожественная литература
_c1975
300 _a896 с.
_bІлюстрації
650 7 _2UDC
942 _cBK
_2udc
955 _a0
999 _c318815
_d318815